Chemical process principles /

Guardado en:
Autor Principal: Hougen, Olaf A. 1893-
Otros Autores: Watson, Kenneth Merle, 1903-
Formato: Libro
Idioma:English
Publicado: New York : London : Wiley ; Chapman and Hall limited, c1943-
Materias:
Etiquetas: Agregar Etiqueta
Sin Etiquetas, Sea el primero en etiquetar este registro!
LEADER 00928cam a22002295a 4500
001 EIQ.libpla002233
008 720211m19439999nyua##########001#0#eng#d
005 20070511174629.0
245 1 0 |a Chemical process principles /  |c by Olaf A. Hougen and Kenneth M. Watson. 
260 |a New York :  |b Wiley ;  |a London :  |b Chapman and Hall limited,  |c c1943- 
300 |a 3 v. :  |b diagrs. ;  |c 22 cm. 
500 |a Incluye índice. 
505 0 |a pt. 1. Material and energy balances -- pt. 2. Thermodynamics -- pt. 3. Kinetics and catalysis. 
500 |a La biblioteca posee pt. 1 en inglés y pt. 3 en castellano. 
100 1 |a Hougen, Olaf A.  |q (Olaf Andreas),  |d 1893- 
700 1 |a Watson, Kenneth Merle,  |d 1903- 
082 |a 660 
650 4 |a Procesos químicos  |x Teoría. 
650 4 |a Chemical processes  |x Theory. 
010 |a  43017574  
040 |a DLC  |c OYU  |d OCoLC  |d AR-BbSID 
859 |a AR-BbSID  |b BIB. PLAPIQUI  |h 660.299 5  |i H 1  |p 4620  |v Pte. 1  |3 Pte. 1